000 00847nam a22002417a 4500
003 UA-OsUOA
001 27998
007 ta
008 20040917b un ||||| |||| 00| 0 ukr d
090 _a929
_bІ90
942 _cBK
040 _aUA-OsUOA
_bukr
_cUA-OsUOA
_dUA-OsUOA
245 _aІсторія і особистість історика
_bЗбірник наукових праць, присвячених 60-річному ювілею професора Ганни Кирилівни Швидько
300 _a327 с.
955 _a0
041 _aukr
080 _a929
020 _a966-8271-63-7
260 _aДніпропетровськ
_bНаціональний гірничий університет
_c2004
044 _aUA
650 7 _a9 Географія. Біографії. Історія
_2UDC
999 _c314351
_d314351